Geography Quiz

Random Geography or World Quiz

Secret Country VI Quiz Stats

 Plays Quiz Updated Feb 13, 2019

Also try: Secret Country V
Challenge
Share
Tweet
Score 0/197 Timer 01:00
765 Plays Today
% Correct
Germany
86.9%
France
86.8%
Italy
86.6%
United Kingdom
83.2%
Russia
82.6%
Poland
81.7%
Spain
80.1%
United States of America
80%
Austria
78.8%
Belgium
77.5%
Sweden
77.5%
Ireland
77.4%
Norway
77.1%
Switzerland
77%
Finland
76.6%
Iceland
76.3%
Netherlands
76.3%
Brazil
76.3%
China
76%
Czechia
76%
Luxembourg
75.4%
Canada
74.7%
Hungary
74%
Australia
73.6%
Greece
73.3%
Slovakia
73.2%
Liechtenstein
73.1%
Mexico
73.1%
Egypt
73.1%
India
73.1%
Ukraine
72.7%
Estonia
72.6%
Latvia
72.6%
Portugal
72.5%
Turkey
72.4%
Slovenia
71.9%
Lithuania
71.8%
Andorra
71.8%
South Africa
71.8%
Croatia
71.7%
Romania
71.6%
Belarus
71.6%
Monaco
71.5%
Vatican City
71.2%
Chad
71.1%
Serbia
70.8%
San Marino
70.8%
Morocco
70.6%
Panama
70.4%
Iran
70.4%
Bulgaria
70.2%
Japan
70.2%
Chile
70.2%
Algeria
70.2%
Saudi Arabia
70.1%
Libya
70%
Moldova
70%
Niger
70%
Malta
70%
Argentina
70%
Kosovo
70%
Albania
69.9%
New Zealand
69.9%
Sudan
69.8%
Israel
69.8%
Cuba
69.8%
% Correct
Democratic Republic of the Congo
69.6%
Peru
69.6%
Mali
69.6%
North Macedonia
69.5%
Honduras
69.5%
Iraq
69.4%
Ghana
69.4%
Guatemala
69.3%
Indonesia
69.3%
Montenegro
69.3%
Belize
69.3%
Bosnia and Herzegovina
69.3%
Nicaragua
69.3%
Costa Rica
69.2%
Cyprus
69.2%
Kenya
69.2%
Mongolia
69.2%
Fiji
69.1%
Colombia
69.1%
Syria
69%
Oman
69%
Togo
69%
United Arab Emirates
69%
Yemen
69%
Bolivia
69%
Tunisia
69%
Madagascar
69%
Angola
68.9%
Jordan
68.9%
Haiti
68.9%
Uruguay
68.9%
Jamaica
68.9%
Central African Republic
68.9%
Georgia
68.9%
Nigeria
68.9%
Somalia
68.9%
El Salvador
68.9%
Senegal
68.9%
Republic of the Congo
68.8%
Venezuela
68.8%
Cote d'Ivoire
68.8%
Ecuador
68.8%
Ethiopia
68.8%
Papua New Guinea
68.8%
Paraguay
68.8%
Kazakhstan
68.8%
Lesotho
68.8%
Lebanon
68.8%
Vietnam
68.8%
Thailand
68.8%
Laos
68.8%
Pakistan
68.7%
Armenia
68.7%
Philippines
68.7%
Benin
68.7%
Samoa
68.7%
Tonga
68.7%
Gabon
68.7%
Liberia
68.7%
Malaysia
68.7%
Rwanda
68.7%
Uganda
68.7%
The Bahamas
68.7%
Palau
68.7%
Tuvalu
68.7%
Vanuatu
68.7%
% Correct
Guinea
68.7%
Kiribati
68.7%
Nauru
68.7%
Dominica
68.6%
Micronesia
68.6%
Nepal
68.6%
Palestine
68.6%
Afghanistan
68.6%
The Gambia
68.6%
Qatar
68.6%
Singapore
68.6%
Sierra Leone
68.6%
Cameroon
68.6%
Maldives
68.6%
Marshall Islands
68.6%
Solomon Islands
68.6%
South Korea
68.6%
Barbados
68.6%
Mauritania
68.6%
North Korea
68.6%
Djibouti
68.6%
Namibia
68.6%
Suriname
68.6%
Zimbabwe
68.6%
Brunei
68.6%
Kuwait
68.6%
Timor-Leste
68.6%
Guyana
68.6%
Botswana
68.5%
Zambia
68.5%
Sri Lanka
68.5%
Uzbekistan
68.5%
Azerbaijan
68.5%
Tanzania
68.5%
Eritrea
68.5%
Bhutan
68.5%
Burkina Faso
68.5%
Seychelles
68.5%
eSwatini
68.5%
Bahrain
68.5%
Cambodia
68.5%
Kyrgyzstan
68.5%
Mozambique
68.5%
Saint Kitts and Nevis
68.5%
Saint Lucia
68.5%
Burundi
68.5%
Cabo Verde
68.5%
Dominican Republic
68.5%
Malawi
68.5%
Myanmar
68.5%
Taiwan
68.5%
Trinidad and Tobago
68.5%
South Sudan
68.5%
Grenada
68.5%
Turkmenistan
68.5%
Bangladesh
68.4%
Comoros
68.4%
Antigua and Barbuda
68.4%
Sao Tome and Principe
68.4%
Tajikistan
68.4%
Mauritius
68.4%
Saint Vincent and the Grenadines
68.4%
Guinea-Bissau
68.4%
Equatorial Guinea
68.4%
Denmark
68.4%

You're not logged in!

Compare scores with friends on all Sporcle quizzes.
OR
Log In

You Might Also Like...

Show Comments

Extras

Top Quizzes Today


Score Distribution

Your Account Isn't Verified!

In order to create a playlist on Sporcle, you need to verify the email address you used during registration. Go to your Sporcle Settings to finish the process.

Report this User

Report this user for behavior that violates our Community Guidelines.

Details: